Návrh a implementácia elektronického obchodu diplomová práca

Gespeichert in:
Bibliographische Detailangaben
1. Verfasser: Rosa Smolková, Sandy
Körperschaft: Fakulta hospodárskej informatiky EU. Katedra aplikovanej informatiky
Weitere Verfasser: Szivósová, Mária, 1958-
Format: Buch
Sprache:Slowakisch
Veröffentlicht: Bratislava 2021
Tags: Tag hinzufügen
Keine Tags, Fügen Sie das erste Tag hinzu!

MARC

LEADER 00000nbm a2200000 4500
001 0276184
005 20220318125150.4
041 0 |a slo 
044 |a SK 
245 1 0 |a Návrh a implementácia elektronického obchodu  |b diplomová práca  |c Sandy Rosa Smolková ; školiteľ: Mária Szivósová 
264 1 |a Bratislava  |c 2021 
300 |a 62 s. 
100 1 |a Rosa Smolková, Sandy 
700 1 |a Szivósová, Mária, 1958- 
710 2 |a Fakulta hospodárskej informatiky EU. Katedra aplikovanej informatiky